UBT Library

THE CHICACGO MANUAL OF STYLE (Record no. 19844)

000 -LEADER
fixed length control field 00312nam a22001337a 4500
008 - FIXED-LENGTH DATA ELEMENTS--GENERAL INFORMATION
fixed length control field 170703b xxu||||| |||| 00| 0 eng d
020 ## - INTERNATIONAL STANDARD BOOK NUMBER
International Standard Book Number 9780226104034
041 ## - LANGUAGE CODE
Language code of text/sound track or separate title eng
080 ## - UNIVERSAL DECIMAL CLASSIFICATION NUMBER
Edition identifier 15 ED
Universal Decimal Classification number 82
100 ## - Rafti
Rafti 22
101 ## - Shkurtesa
Shkurtesa GJL
245 ## - TITLE STATEMENT
Title THE CHICACGO MANUAL OF STYLE
Statement of responsibility, etc DUFFY.P.B
942 ## - ADDED ENTRY ELEMENTS (KOHA)
Source of classification or shelving scheme
Item type Books
Holdings
Withdrawn status Lost status Source of classification or shelving scheme Damaged status Not for loan Collection code Permanent location Current location Shelving location Date acquired Total Checkouts Full call number Barcode Date last seen Price effective from Koha item type
          Koleksioni i përgjithshem UBT - Lipjan UBT - Lipjan Koleksioni i përgjithshem 07/03/2017   82 DUF 002-2907015 07/03/2017 07/03/2017 Books
UBT Library © 2015-2024. All rights reserved University Education for Business and Technology